<?xml version="1.0" encoding="UTF-8"?><?xml-stylesheet type="text/xsl" href="static/style.xsl"?><OAI-PMH xmlns="http://www.openarchives.org/OAI/2.0/" xmlns:xsi="http://www.w3.org/2001/XMLSchema-instance" xsi:schemaLocation="http://www.openarchives.org/OAI/2.0/ http://www.openarchives.org/OAI/2.0/OAI-PMH.xsd"><responseDate>2026-04-17T12:22:13Z</responseDate><request verb="GetRecord" identifier="oai:riubu.ubu.es:10259/5171" metadataPrefix="marc">https://riubu.ubu.es/oai/request</request><GetRecord><record><header><identifier>oai:riubu.ubu.es:10259/5171</identifier><datestamp>2022-04-26T11:42:11Z</datestamp><setSpec>com_10259_2699</setSpec><setSpec>col_10259_2711</setSpec></header><metadata><record xmlns="http://www.loc.gov/MARC21/slim" xmlns:doc="http://www.lyncode.com/xoai" xmlns:xsi="http://www.w3.org/2001/XMLSchema-instance" xmlns:dcterms="http://purl.org/dc/terms/" xsi:schemaLocation="http://www.loc.gov/MARC21/slim http://www.loc.gov/standards/marcxml/schema/MARC21slim.xsd">
<leader>00925njm 22002777a 4500</leader>
<datafield tag="042" ind1=" " ind2=" ">
<subfield code="a">dc</subfield>
</datafield>
<datafield tag="720" ind1=" " ind2=" ">
<subfield code="a">Miguel Barrio, Rodrigo</subfield>
<subfield code="e">author</subfield>
</datafield>
<datafield tag="260" ind1=" " ind2=" ">
<subfield code="c">2018</subfield>
</datafield>
<datafield tag="520" ind1=" " ind2=" ">
<subfield code="a">La Justicia Restaurativa emerge como una filosofía encaminada en la mejora del sistema retributivo actual a través de unos valores encarnados en un conjunto de instituciones jurídicas tales como la mediación penal, el “conferencing” y los “circles”. Centran su interés en la participación de la sociedad en la resolución de conflictos con el fin de dar una respuesta más acorde a las necesidades de la víctima y que cumpla con los objetivos de reparación, resocialización y pacificación social. A través de esta investigación, y con un enfoque interdisciplinar, se abordan las diferentes instituciones restaurativas ya citadas, su impulso, desarrollo y resultados en variados ordenamientos jurídicos como el neozelandés, el australiano, el estadounidense, el norirlandés o el belga, y su posible implantación en nuestro ordenamiento jurídico como un complemento opcional y con la necesaria adaptación del mismo con el impulso del principio de oportunidad.</subfield>
</datafield>
<datafield tag="024" ind2=" " ind1="8">
<subfield code="a">http://hdl.handle.net/10259/5171</subfield>
</datafield>
<datafield tag="024" ind2=" " ind1="8">
<subfield code="a">10.36443/10259/5171</subfield>
</datafield>
<datafield ind1=" " ind2=" " tag="653">
<subfield code="a">Justicia Restaurativa</subfield>
</datafield>
<datafield ind1=" " ind2=" " tag="653">
<subfield code="a">Derecho Procesal</subfield>
</datafield>
<datafield ind1=" " ind2=" " tag="653">
<subfield code="a">Derecho penal</subfield>
</datafield>
<datafield ind1=" " ind2=" " tag="653">
<subfield code="a">Mediación penal</subfield>
</datafield>
<datafield ind1=" " ind2=" " tag="653">
<subfield code="a">Victima</subfield>
</datafield>
<datafield tag="245" ind1="0" ind2="0">
<subfield code="a">La Justicia Restaurativa y el poder de la comunidad en la resolución de conflictos. Análisis y propuesta de un nuevo paradigma de justicia penal</subfield>
</datafield>
</record></metadata></record></GetRecord></OAI-PMH>